| 000 | 00690cam a2200217 a 4500 | ||
|---|---|---|---|
| 001 | 13428343 | ||
| 005 | 20180110083939.0 | ||
| 008 | 031208s2004 mau 001 0 eng | ||
| 010 | _a 2003068635 | ||
| 020 | _a0072876891 (acidfree paper) | ||
| 040 |
_aDLC _cDLC _dDLC |
||
| 041 | _aeng | ||
| 080 | _a808.042 CLO | ||
| 082 | 0 | 0 |
_a808.042 CLO _222 |
| 100 | 1 | _a46 | |
| 101 | _aEDU | ||
| 245 | 1 | 2 |
_aA troubleshooting guide for writers : _cBarbara Fine Clouse. |
| 906 |
_a7 _bcbc _corignew _d1 _eocip _f20 _gy-gencatlg |
||
| 942 |
_2ddc _cBK |
||
| 999 |
_c40044 _d40044 |
||